Vzťahový marketing
Moderný marketing na trhu - vzťahový marketing a jeho 4C. CRM - príčiny vzniku, jeho ciele. Pre podnik je veľmi dôležité poznanie zákazníkov. Zefektívnenie riadenia vzťahov so zákazníkmi môže manažment dosiahnuť budovaním systému podporujúceho riadenie vzťahov so zákazníkmi.
Guardado en:
| Autor principal: | |
|---|---|
| Formato: | Capítulo de libro |
| Lenguaje: | eslovaco |
| Materias: | |
| Etiquetas: |
Sin Etiquetas, Sea el primero en etiquetar este registro!
|
MARC
| LEADER | 00000naa a2200000 4500 | ||
|---|---|---|---|
| 001 | 0134471 | ||
| 005 | 20231120125224.8 | ||
| 041 | 0 | |a slo | |
| 044 | |a SK | ||
| 245 | 1 | 0 | |a Vzťahový marketing |c Oľga Poniščiaková |
| 520 | |a Moderný marketing na trhu - vzťahový marketing a jeho 4C. CRM - príčiny vzniku, jeho ciele. Pre podnik je veľmi dôležité poznanie zákazníkov. Zefektívnenie riadenia vzťahov so zákazníkmi môže manažment dosiahnuť budovaním systému podporujúceho riadenie vzťahov so zákazníkmi. | ||
| 610 | 2 | 0 | |a marketing |
| 610 | 2 | 0 | |a marketing vzťahový |
| 610 | 2 | 0 | |a systém CRM |
| 100 | 1 | |a Poniščiaková, Oľga | |